Ohio’s 15-largest Ohio-based restaurant chains, based on U.S. sales - Statistics

General Stats
  • This quiz has been taken 559 times
  • The average score is 4 of 15
Answer Stats
Hint Answer % Correct
#1 Headquartered in Dublin Sandwich Wendy's
88%
#13 Headquartered in Fairfield Family Skyline Chili
49%
#2 Headquartered in Columbus Family Bob Evans
43%
#9 Headquartered in Columbus Pizza Donatos Pizza
42%
#3 Headquartered in Columbus Sandwich White Castle
31%
#11 Headquartered in Columbus Casual Dining Max & Ermas
23%
#7 Headquartered in Toledo Pizza Marco's Pizza
20%
#12 Headquartered in Cincinnati Pizza LaRosa's Pizzeria
19%
#4 Headquartered in Dublin Bakery-Cafe Tim Hortons
17%
#14 Headquartered in Cincinnati Family Gold Star Chili
16%
#6 Headquartered in Columbus Sandwich Charley's Grilled Subs
10%
#10 Headquartered in Milford Sandwich Penn Station East Coast Subs
10%
#8 Headquartered in Columbus Casual Dining Bravo Cucina Italiana
7%
#5 Headquartered in Columbus Casual Dining Brio Tuscan Grill
4%
#15 Headquartered in Cincinnati Casual Dining Buffalo Wings & Rings
3%
No matching quizzes found
Score Distribution
Percent of People with Each Score
Percentile by Number Answered
Your Score History
You have not taken this quiz